000 00477nam a2200157 i 4500
001 142915
003 ES-MaACL
005 20230906200647.0
007 t|
008 071010m19441945sp ||||1| spa d
100 1 _aVicente y Gella, Agustín.
_9114376
245 1 0 _aCurso de derecho mercantil comparado /
_cAgustín Vicente y Gella.
260 _aZaragoza :
_b[s.n.],
_c1944-45 (
_fTip. La Académica)
300 _a2 v. ;
_c22 cm.
852 _aES-MaACL
_jB-10253-54
_bR.21636
999 _c142915
_d142915